Estudio prc̀tico del nuevo reglamento de la Ley del ISR

Detalles Bibliográficos
Autor principal: Hernǹdez Rodrg̕uez, Jess︢
Otros Autores: Galindo Cosme, Mn̤ica Isela
Formato: Libro
Lenguaje:español
Publicado: Mx̌ico Ediciones Fiscales ISEFŁ 2015
Materias:
Acceso en línea:Acceso restringido

MARC

LEADER 00000nam a22000007a 4500
005 20160112101029.0
007 cr|z|| ||u|
008 160112s2015 mx ||||| |||| 00||0 spa d
020 |a 978-368-726-950-2 
035 |a 13019 
040 |a vLex 
090 |c 5789  |d 5789 
100 1 |a Hernǹdez Rodrg̕uez, Jess︢  
245 1 0 |a Estudio prc̀tico del nuevo reglamento de la Ley del ISR  |h [Recurso electrn̤ico] /  |c Jess︢ Hernǹdez Rodrg̕uez  
256 |a Servicio en ln̕ea 
260 |a Mx̌ico  |b Ediciones Fiscales ISEFŁ  |c 2015  
300 |a 1 recurso electrn̤ico 
500 |a En esta obra se expone de manera prc̀tica el anl̀isis de algunas de las disposiciones reglamentarias de mayor uso en el m̀bito del ejercicio profesional, as ̕como su aplicacin̤ numřica, para que tanto el experto como el lego, encuentren una idea concreta de lo que la disposicin̤ pretende indicar. 
506 1 |a Contenido solo disponible en los productos indicados  |d vLex Global  |d vLex Global (Academic Edition, excluding Law Schools)  |d vLex Global (U.S. Academic Edition, Law Schools)  |d vLex Global (U.S. Academic Edition, excluding Law Schools)  |d vLex Global (Academic Edition, Law Schools) 
650 0 4 |a Derecho  |z Mx̌ico 
700 1 |a Galindo Cosme, Mn̤ica Isela 
740 0 |a vLex libros (servicio en ln̕ea) 
856 4 0 |u http://vlex.com/source/estudio-practico-del-nuevo-reglamento-de-la-ley-del-isr-13019  |z Acceso restringido  
942 |c BOOK 
999 0 |a Law